| 000 | 01227nam a2200241Ia 4500 | ||
|---|---|---|---|
| 999 |
_c54182 _d54182 |
||
| 001 | 21238 | ||
| 003 | GE_BSU | ||
| 005 | 20200527135013.0 | ||
| 008 | 181216s2016 xx |||||||||||||| ||geo|| | ||
| 020 | _a9789941940231 | ||
| 040 | _cGE_BSU | ||
| 041 | _ageo | ||
| 080 | _a347.962:174 ს-23 | ||
| 245 |
_aსამოსამართლო ეთიკა : _bსახელმძღვანელო უმაღლესი სასწავლებლების სტუდენტთათვის / _cავტორთა კოლ. : ნ.დ. ერიაშვილი, ი.ი. ამინოვ, კ.ვ. დედიუხინ [და სხვ.] ნ.დ. ერიაშვილის რედ |
||
| 264 |
_aთბილისი : _bსამართლიანი საქართველო, _c2016. |
||
| 300 |
_a184 გვ. ; _c20 სმ. |
||
| 546 | _aთავფურ. მე-2 გვერდი რუს. ენაზე | ||
| 653 | _aეთიკა | ||
| 653 | _aსამართალი | ||
| 653 | _aსამოსამართლო ეთიკა | ||
| 700 |
_aერიაშვილი, ნ.დ. _eრედაქტორი _98215 |
||
| 942 |
_cBK _2udc |
||